000
00282nam a22001337a 4500
008
170821b xxu||||| |||| 00| 0 eng d
020
_a
0070038619
041
_a
eng
080
_a
51
100
_a
37
101
_a
MAT
245
_a
COLLEGE ALGEBRA
_c
BARNETT,R.A
942
_2
udc
_c
BK
999
_c
24199
_d
24199